[Event "Baden-Baden Autumn op"]
[Site "Baden-Baden"]
[Date "2023.11.04"]
[Round "5"]
[White "Kostic, Rodo"]
[Black "Savignon Schmidt, Maxime"]
[Result "0-1"]
[WhiteElo "1962"]
[BlackElo "1889"]
[PlyCount "126"]
[EventDate "2023.11.02"]
[EventType "swiss"]
[EventRounds "7"]
[EventCountry "GER"]
[SourceTitle "CB46_2023"]
[SourceDate "2023.11.15"]
[SourceVersion "1"]
[SourceVersionDate "2023.11.15"]
[SourceQuality "1"]
[WhiteTeam "Germany"]
[BlackTeam "France"]
[WhiteTeamCountry "GER"]
[BlackTeamCountry "FRA"]

1. d4 Nf6 2. Nf3 g6 3. c4 Bg7 4. Nc3 d5 5. h3 0-0 6. cxd5 Nxd5 7. e4 Nxc3 8. bxc3 c5 9. Be3 Nc6 10. Rb1 cxd4 11. cxd4 Qa5+ 12. Qd2 Qxd2+ 13. Kxd2 Rd8 14. d5 e6 15. Bd3 exd5 16. exd5 Rxd5 17. Ke2 Rxd3 18. Kxd3 Bf5+ 19. Ke2 Bxb1 20. Rxb1 b6 21. Rc1 Rc8 22. g3 Bf6 23. h4 h5 24. Rc4 Kg7 25. Kd3 b5 26. Rc5 Nb4+ 27. Ke2 Rxc5 28. Bxc5 Nxa2 29. Bxa7 b4 30. Nd2 g5 31. hxg5 Bxg5 32. f4 Bf6 33. Nb3 Kg6 34. Bc5 Kf5 35. Kf3 Bc3 36. Bf2 Bb2 37. Bc5 Ke6 38. Ke4 f5+ 39. Kd3 Kd5 40. Bf8 Bc3 41. Be7 Be1 42. Bh4 Bf2 43. Nd2 Nc3 44. Be7 Na2 45. Bh4 Nc1+ 46. Kc2 Ne2 47. Nf1 Nd4+ 48. Kd3 Nb5 49. Be7 b3 50. Bf6 Nd6 51. Be5 Ne4 52. Ke2 Bd4 53. Ne3+ Bxe3 54. Kxe3 Nc5 55. Kf3 Nd3 56. Bg7 b2 57. Bxb2 Nxb2 58. Kg2 Ke6 59. Kh3 Kf6 60. Kh4 Kg6 61. Kh3 Nd3 62. Kg2 h4 63. Kf3 h3 0-1